000
00269nam a2200109Ia 4500
008
220204s9999 xx 000 0 und d
082
_a
342.7
_b
DWO
100
_a
DWOSKIN, Robert P
245
0
_a
Rights of the public employee
260
_a
Chicago
_b
ALA
_c
1978
942
_c
BK
999
_c
29706
_d
29706